Państwa świata bez litery A - Statystyki

Ogólne statystyki
  • Ten quiz został rozwiązany 1 571 razy
  • Średni wynik to 20 z 32
Statystyki odpowiedzi
Wskazówka Odpowiedź % Poprawnych
Azja Chiny
88%
Europa Niemcy
85%
Europa Czechy
83%
Ameryka Południowa Chile
81%
Europa Włochy
81%
Ameryka Północna Meksyk
78%
Europa Luksemburg
77%
Afryka Egipt
76%
Azja Indie
76%
Ameryka Południowa Peru
76%
Europa Kosowo
75%
Europa Liechtenstein
72%
Europa Węgry
71%
Azja Cypr
69%
Azja Jemen
66%
Afryka Niger
64%
Afryka Kongo
62%
Oceania Fidżi
61%
Ameryka Środkowa Belize
59%
Azja Filipiny
57%
Afryka Togo
56%
Afryka Lesotho
53%
Afryka Dżibuti
52%
Azja Kuwejt
51%
Afryka Benin
48%
Azja Brunei
47%
Afryka Seszele
47%
Afryka Wybrzeże Kości Słoniowej
47%
Afryka Burundi
44%
Afryka Komory
40%
Azja Timor Wschodni
39%
Azja Cypr Północny
7%
Nie znaleziono quizów pasujących do podanych kryteriów
Rozkład punktacji
Procent ludzi z każdym wynikiem
Percentyl według liczby udzielonych odpowiedzi
Twoja historia wyników
Nie rozwiązałeś tego quizu